[Event "WALPURGIS NIGHT OPEN"]
[Site "SchemingMind.com"]
[Date "2019.06.01"]
[Round "-"]
[White "ray winteringham"]
[Black "Mihir Chandrashekhar"]
[Result "0-1"]
[WhiteCountry "ENG"]
[BlackCountry "IND"]
[WhiteElo "1466"]
[WhiteRD "49"]
[BlackElo "1854"]
[BlackRD "54"]
[GameID "441935"]

1. e4 c5 2. Bc4 e6 3. d3 d5 4. exd5 exd5 5. Bb5+ Bd7 6. Nc3 Bxb5 7. Nxb5 Qa5+ 8. Nc3 d4 9. Bd2 dxc3 10. Bxc3 Qc7
11. Qf3 Nd7 12. Ne2 Ngf6 13. O-O Bd6 14. g3 O-O 15. a3 Be5 16. Rac1 Bxc3 17. Nxc3 Ne5 18. Qg2 Qc6 19. f3 Rad8 20. Ne4 Nxe4
21. dxe4 Nc4 22. Qe2 Nxb2 23. c4 Nd3 24. Rc3 Ne5 25. f4 Nd7 26. Re1 Rfe8 27. Re3 Nf8 28. e5 Ne6 29. Qg2 Qxg2+ 30. Kxg2 Rd4
31. f5 Rd2+ 32. Kh3 Nd4 33. Re4 Nf3 34. R1e2 Ng1+
0-1

[Event "WALPURGIS NIGHT OPEN"]
[Site "SchemingMind.com"]
[Date "2019.06.01"]
[Round "-"]
[White "Mihir Chandrashekhar"]
[Black "ray winteringham"]
[Result "1-0"]
[WhiteCountry "IND"]
[BlackCountry "ENG"]
[WhiteElo "1854"]
[WhiteRD "54"]
[BlackElo "1466"]
[BlackRD "49"]
[GameID "441936"]

1. c4 b5 2. cxb5 a6 3. bxa6 Bxa6 4. Nf3 e6 5. Nc3 Be7 6. d4 Nf6 7. g3 Bb7 8. Bg2 d5 9. O-O c5 10. Ne5 c4
11. Nxc4 Qc7 12. Ne5 Nbd7 13. Bf4 Qb6 14. Qd2 O-O 15. Bg5 h6 16. Nxd7 Nxd7 17. Bxe7 Rfe8 18. Bc5 Nxc5 19. dxc5 Qxc5 20. e3 Rab8
21. a3 Ba6 22. b4 Qa7 23. Rfb1 Red8 24. b5 Bb7 25. Qd4 Qxd4 26. exd4 Kf8 27. a4 Rd6 28. a5 Bc8 29. Bf1 f6 30. a6 Rdb6
31. Na4 Rd6 32. b6 Ra8 33. b7 Bxb7 34. axb7 Rb8 35. Nc5
1-0

[Event "WALPURGIS NIGHT OPEN"]
[Site "SchemingMind.com"]
[Date "2019.06.15"]
[Round "-"]
[White "Mihir Chandrashekhar"]
[Black "Piotr Krol"]
[Result "1-0"]
[WhiteCountry "IND"]
[BlackCountry "POL"]
[WhiteElo "1934"]
[WhiteRD "50"]
[BlackElo "1223"]
[BlackRD "97"]
[GameID "442413"]

1. c4 c5 2. Nc3 e6 3. g3 d5 4. cxd5 exd5 5. d4 Nf6 6. Nf3 Nc6 7. Bg2 Bg4 8. Bg5 Bxf3 9. Bxf3 cxd4 10. Nxd5 Qa5+
11. Bd2 Qd8 12. Nxf6+
1-0

[Event "WALPURGIS NIGHT OPEN"]
[Site "SchemingMind.com"]
[Date "2019.06.16"]
[Round "-"]
[White "kenneth m day"]
[Black "ray winteringham"]
[Result "0-1"]
[WhiteCountry "USA"]
[BlackCountry "ENG"]
[WhiteElo "1709"]
[WhiteRD "50"]
[BlackElo "1498"]
[BlackRD "49"]
[GameID "442500"]

1. e4 e5 2. Nf3 Nc6 3. c3 a6 4. d4 exd4 5. cxd4 d5 6. e5 Bg4 7. Be2 g6 8. Nc3 Bg7 9. Be3 Nge7 10. h3 Be6
11. Bg5 b6 12. O-O Qd7 13. Bxe7 Nxe7 14. Nh2 h5 15. Nf3 a5 16. Rc1 O-O 17. Bd3 Nf5 18. Ne2 c5 19. Ng5 c4 20. Bb1 Nh4
21. Nxe6 Qxe6 22. Nf4 Qd7 23. Re1 Nf5 24. Qd2 Nh4 25. Qc2 Nf5 26. Rcd1 b5 27. Qc3 b4 28. Qf3 Rfd8 29. g4 hxg4 30. hxg4 Nh4
31. Qh3 g5 32. Nh5 Ra6 33. Rf1 Rh6 34. Nxg7 Kxg7 35. Qg3 Rdh8 36. f4 Ng6 37. Bf5 Rh1+ 38. Kf2 R1h2+ 39. Ke1 Qb5 40. Bxg6 Kxg6
41. fxg5 c3 42. bxc3 Qe2#
0-1

[Event "WALPURGIS NIGHT OPEN"]
[Site "SchemingMind.com"]
[Date "2019.06.16"]
[Round "-"]
[White "ray winteringham"]
[Black "kenneth m day"]
[Result "0-1"]
[WhiteCountry "ENG"]
[BlackCountry "USA"]
[WhiteElo "1498"]
[WhiteRD "49"]
[BlackElo "1709"]
[BlackRD "50"]
[GameID "442501"]

1. g3 d5 2. Bg2 Nf6 3. d4 c6 4. e3 g6 5. Nf3 Bg4 6. O-O Bg7 7. c3 O-O 8. Nbd2 Nbd7 9. b4 Re8 10. Qb3 Qc7
11. Bb2 e5 12. a4 exd4 13. Nxd4 Ne5 14. a5 Qd7 15. f3 Bh3 16. Ne2 Nd3 17. Bxh3 Qxh3 18. Nf4 Nxf4 19. exf4 Re2 20. Rf2 Rxf2
21. Kxf2 Qxh2+ 22. Ke3 Re8+ 23. Kd3 Qxg3 24. Kc2 Qxf4 25. Rf1 Re2 26. Rd1 Qxf3 27. Qa2 Ng4 28. Kb3 Qg2 29. Bc1 Ne3
0-1

[Event "WALPURGIS NIGHT OPEN"]
[Site "SchemingMind.com"]
[Date "2019.06.16"]
[Round "-"]
[White "kenneth m day"]
[Black "Mihir Chandrashekhar"]
[Result "1/2-1/2"]
[WhiteCountry "USA"]
[BlackCountry "IND"]
[WhiteElo "1709"]
[WhiteRD "50"]
[BlackElo "1934"]
[BlackRD "50"]
[GameID "442502"]

1. e4 c5 2. d4 cxd4 3. c3 d5 4. e5 Nc6 5. cxd4 g6 6. Nc3 Bg7 7. Nf3 Bg4 8. Be2 e6 9. h3 Bxf3 10. Bxf3 Qb6
11. Ne2 Nge7 12. O-O Nf5 13. Be3 O-O 14. b3 Rac8 15. g4 Nxe3 16. fxe3 Nxe5 17. Bg2 Nd7 18. Rc1 Rc6 19. Qd2 Rfc8 20. Rxc6 Rxc6
21. Rc1 Qc7 22. Rxc6 Qxc6 23. Qc3 Qxc3 24. Nxc3 a6 25. Na4 Kf8 26. Kf2 b5 27. Nc3 Ke7 28. Ke2 Kd6 29. Kd3 Nb6 30. e4 b4
31. Ne2 dxe4+ 32. Bxe4 f5 33. gxf5 gxf5 34. Bf3 a5 35. Nf4 a4=
1/2-1/2

[Event "WALPURGIS NIGHT OPEN"]
[Site "SchemingMind.com"]
[Date "2019.06.16"]
[Round "-"]
[White "Mihir Chandrashekhar"]
[Black "kenneth m day"]
[Result "1-0"]
[WhiteCountry "IND"]
[BlackCountry "USA"]
[WhiteElo "1934"]
[WhiteRD "50"]
[BlackElo "1709"]
[BlackRD "50"]
[GameID "442503"]

1. Nf3 Nf6 2. c4 c5 3. g3 Nc6 4. Bg2 d6 5. Nc3 g6 6. d3 Bg7 7. O-O O-O 8. a3 Bd7 9. Rb1 e6 10. Qc2 Rc8
11. b4 a6 12. bxc5 dxc5 13. Rxb7 Rc7 14. Rxc7 Qxc7 15. Bf4 Qa5 16. Qb3 Ng4 17. Ne4 e5 18. Bd2 Qc7 19. Nxc5 Rb8 20. Qc2 Nd4
21. Nxd4 Qxc5 22. Nf3 Qxa3 23. h3 Rb2 24. Qc3 Qxc3 25. Bxc3 Rc2 26. Ba1 Nf6 27. Nxe5 Bc8 28. e3 Ne8 29. Nc6 Bd7 30. Bxg7 Nxg7
31. Ra1 Rc3 32. Ne5 Bc8 33. Bd5 Nf5 34. Nxf7 Kg7 35. Ne5 Kf6 36. Ng4+ Ke7 37. d4 Kd6 38. Kf1 Ne7 39. Nf6 h6 40. Ne4+
1-0

[Event "WALPURGIS NIGHT OPEN"]
[Site "SchemingMind.com"]
[Date "2019.06.19"]
[Round "-"]
[White "kenneth m day"]
[Black "Chessibelle"]
[Result "1-0"]
[WhiteCountry "USA"]
[BlackCountry "ENG"]
[WhiteElo "1709"]
[WhiteRD "50"]
[BlackElo "1151"]
[BlackRD "56"]
[GameID "442586"]

1. e4 e5 2. Nf3 Nc6 3. c3 d6 4. d4 Bd7 5. Bd3 Be7 6. Be3 Nf6 7. dxe5 dxe5 8. Nbd2 O-O 9. O-O a6 10. Nc4 b5
11. Ncxe5 Be6 12. Nxc6 Qd7 13. Nfe5 Qe8 14. h3 h6 15. f4 Nh7 16. f5 Bc8 17. Qg4 Nf6 18. Qg3 Bd6 19. Bxh6 Nh5 20. Qg5 f6
21. Qg6 Qxg6 22. Nxg6 Rf7 23. Be3 Bb7 24. Nd4 Kh7 25. Be2 Ng3 26. Rf3 Nxe4 27. h4 c5 28. Ne6 Re8 29. h5 Ng5 30. Nxg5+ Kg8
31. Nxf7 Kxf7 32. Rh3 Bd5 33. b3 c4 34. Rd1 Rg8 35. Rxd5 Bc7 36. Rd7+ Ke8 37. Rxc7 Kd8 38. Bb6 Re8 39. Rxg7+ Kc8 40. Re7
1-0

[Event "WALPURGIS NIGHT OPEN"]
[Site "SchemingMind.com"]
[Date "2019.06.19"]
[Round "-"]
[White "Chessibelle"]
[Black "kenneth m day"]
[Result "0-1"]
[WhiteCountry "ENG"]
[BlackCountry "USA"]
[WhiteElo "1151"]
[WhiteRD "56"]
[BlackElo "1709"]
[BlackRD "50"]
[GameID "442587"]

1. Nf3 Nf6 2. d4 g6 3. e3 d5 4. Be2 Bg7 5. Nc3 O-O 6. O-O Nbd7 7. Bd2 Re8 8. Ng5 h6 9. Nh3 e5 10. g3 Nb6
11. a3 Bxh3 12. Re1 exd4 13. exd4 Qd7 14. f4 Nc4 15. Bc1 Rad8 16. b3 Ne3 17. Qd3 Bf5 18. Qd2 Bh3 19. Kf2 Nfg4+ 20. Kg1 c6
21. Qd3 b6 22. Bb2 Qf5 23. Qd2 Qh5 24. b4 Bg2 25. Nd1 Qxh2#
0-1

[Event "WALPURGIS NIGHT OPEN"]
[Site "SchemingMind.com"]
[Date "2019.06.19"]
[Round "-"]
[White "ray winteringham"]
[Black "Chessibelle"]
[Result "1-0"]
[WhiteCountry "ENG"]
[BlackCountry "ENG"]
[WhiteElo "1498"]
[WhiteRD "49"]
[BlackElo "1151"]
[BlackRD "56"]
[GameID "442588"]

1. d4 d5 2. c4 Nf6 3. Bg5 Nbd7 4. cxd5 Nxd5 5. e4 N5f6 6. Nd2 g6 7. Bc4 e6 8. a3 Be7 9. Bh6 c6 10. Ngf3 a6
11. Qb3 Nb6 12. O-O Ng8 13. Bg7 Bf6 14. Bxh8 Bxh8 15. e5 Bd7 16. Ne4 Nh6 17. Nd6+ Kf8 18. Qb4 Kg7 19. Nxb7 Qc7 20. Nd6 Ra7
21. Ng5 Qd8 22. f4 Nf5 23. Ngxf7 Qc7 24. Ng5 Qd8 25. Ngf7 Qc7 26. Qd2 Kg8 27. Qd3 Bg7 28. Bxa6 Nd5 29. Rfe1 h6 30. g4 Nh4
31. Rf1 Qb8 32. Rfb1 Nxf4 33. Qe3 Nd5 34. Nxh6+ Kh8 35. Qd3 Bxh6 36. Nf7+ Kh7 37. Bc4 Nf4 38. Qf1 Ra4 39. g5 Bg7 40. Qxf4 Nf5
41. Bd3 Rxd4 42. Qf1 Qb6 43. Kh1 Rh4 44. Bxf5 gxf5 45. b4 c5 46. Qe1 Qc6+ 47. Kg1 Qf3 48. Qxh4+ Kg8 49. g6 Kf8 50. Rf1 Qe3+
51. Qf2 Qe4 52. Qxc5+ Ke8 53. Nd6+
1-0

[Event "WALPURGIS NIGHT OPEN"]
[Site "SchemingMind.com"]
[Date "2019.06.19"]
[Round "-"]
[White "Chessibelle"]
[Black "ray winteringham"]
[Result "0-1"]
[WhiteCountry "ENG"]
[BlackCountry "ENG"]
[WhiteElo "1143"]
[WhiteRD "55"]
[BlackElo "1466"]
[BlackRD "49"]
[GameID "442589"]

1. Nf3 Nc6 2. d4 d5 3. e3 Bg4 4. Be2 e6 5. Bd2 Bd6 6. O-O Nf6 7. Nc3 Qd7 8. g3 O-O-O 9. a3 h5 10. h3 Bxh3
11. Re1 Ng4 12. Qc1 Nf6 13. Kh2 Bg4 14. b4 Bxf3 15. Bxf3 h4 16. Kg2 h3+ 17. Kh2 g5 18. Kh1 g4 19. Be2 a6 20. f3 Bxg3
21. Rg1 Bf2 22. Rf1 g3 23. f4 g2+ 24. Kh2 gxf1=Q 25. Qxf1 Rdg8 26. Bf3 Rg2+ 27. Kh1 Rg1+ 28. Qxg1 Bxg1 29. Kxg1 Qe8 30. Na4 Qg8+
31. Kf2 Ng4+ 32. Ke2 Nh2 33. Kd3 Nxf3 34. Bc1 Qg1 35. Nc3 h2 36. Ne2 Qd1+ 37. Kc3 h1=Q 38. Kb3 Qxe2 39. Ka4 Qc4 40. e4 Qxc2#
0-1

[Event "WALPURGIS NIGHT OPEN"]
[Site "SchemingMind.com"]
[Date "2019.06.19"]
[Round "-"]
[White "Chessibelle"]
[Black "Mihir Chandrashekhar"]
[Result "0-1"]
[WhiteCountry "ENG"]
[BlackCountry "IND"]
[WhiteElo "1143"]
[WhiteRD "55"]
[BlackElo "1854"]
[BlackRD "54"]
[GameID "442590"]

1. Nf3 Nf6 2. d4 d5 3. e3 Bg4 4. Be2 e6 5. Bd2 c5 6. Nc3 Nc6 7. Bd3 cxd4 8. O-O dxc3 9. Bxc3 Bb4 10. Qd2 Bxc3
11. Qxc3 Bxf3 12. gxf3 Qe7 13. a3 O-O 14. Rfd1 Rac8 15. b4 e5 16. Qd2 e4 17. Be2 Ne5 18. f4 Nf3+ 19. Bxf3 exf3 20. Rdc1 Qe6
21. Qd1 Qg4+ 22. Kf1 Ne4 23. Qxd5 Qg2+ 24. Ke1 Qg1#
0-1

[Event "WALPURGIS NIGHT OPEN"]
[Site "SchemingMind.com"]
[Date "2019.06.19"]
[Round "-"]
[White "Mihir Chandrashekhar"]
[Black "Chessibelle"]
[Result "1-0"]
[WhiteCountry "IND"]
[BlackCountry "ENG"]
[WhiteElo "1854"]
[WhiteRD "54"]
[BlackElo "1143"]
[BlackRD "55"]
[GameID "442591"]

1. c4 e5 2. Nc3 Nc6 3. Nf3 Be7 4. g3 Nf6 5. Bg2 d6 6. d3 Bd7 7. a3 O-O 8. b4 a6 9. O-O h6 10. Bb2 Bf5
11. e4 Bg4 12. h3 Bh5 13. g4 Bg6 14. Nh4 Bh7 15. Nf5 g6 16. Nxh6+ Kh8 17. f4 Ng8 18. Nxg8 Rxg8 19. Nd5 Bh4 20. fxe5 Nxe5
21. Rxf7 Re8 22. Nxc7 Rg8 23. Nxa8 Qxa8 24. Bxe5+ dxe5 25. d4 Qe8 26. Rxb7 Qe6 27. d5 Qc8 28. Rxh7+ Kxh7 29. Qe2 Qc7 30. Rf1 Bg5
31. c5 Qa7 32. Qf3 Qe7 33. d6 Qe6 34. Qf7+ Rg7 35. Qxe6 Be3+ 36. Kh1 Bd2 37. d7 Rg8 38. Qxg8+
1-0

[Event "WALPURGIS NIGHT OPEN"]
[Site "SchemingMind.com"]
[Date "2019.06.20"]
[Round "-"]
[White "grabapawn"]
[Black "kenneth m day"]
[Result "0-1"]
[WhiteCountry "USA"]
[BlackCountry "USA"]
[WhiteElo "1503"]
[WhiteRD "51"]
[BlackElo "1709"]
[BlackRD "50"]
[GameID "442656"]

1. d4 Nf6 2. Bf4 d6 3. e3 Bf5 4. c3 Nbd7 5. Nd2 e6 6. Ngf3 Be7 7. h3 h6 8. g4 Bh7 9. Be2 Nd5 10. Bg3 O-O
11. h4 c5 12. g5 hxg5 13. hxg5 Bxg5 14. Nxg5 Qxg5 15. Rh5 Qg6 16. Rh4 N7f6 17. Nf3 cxd4 18. exd4 Rad8 19. Qd2 Ne4 20. Qd3 Nxg3
21. Qxg6 Bxg6 22. fxg3 Ne3 23. Kd2 Nf5 24. Rh3 f6 25. g4 Nh6 26. g5 Nf5 27. Rah1 Kf7 28. gxf6 gxf6 29. Nh4 Nxh4 30. Rxh4 Kg7
31. Bd3 f5 32. Be2 Rh8 33. Rxh8 Rxh8 34. Rg1 Kf6 35. c4 b6 36. d5 e5 37. b4 Rh2 38. Ke1 f4 39. a4 Rh3 40. a5 bxa5
41. bxa5 Ra3 42. c5 Rxa5 43. c6 Rxd5 44. Bf3 Rc5 45. Rg2 e4 46. Bg4 Rxc6 47. Ra2 a6 48. Bd7 Rb6 49. Kd2 f3 50. Ke3 d5
51. Bc8 Ke5 52. Bxa6 d4+ 53. Kf2 Kf4 54. Bf1 e3+ 55. Kg1 f2+ 56. Kg2 Be4+ 57. Kh2 Rh6+
0-1

[Event "WALPURGIS NIGHT OPEN"]
[Site "SchemingMind.com"]
[Date "2019.06.20"]
[Round "-"]
[White "kenneth m day"]
[Black "grabapawn"]
[Result "1-0"]
[WhiteCountry "USA"]
[BlackCountry "USA"]
[WhiteElo "1709"]
[WhiteRD "50"]
[BlackElo "1503"]
[BlackRD "51"]
[GameID "442657"]

1. e4 d6 2. d4 Nf6 3. Nc3 Nbd7 4. f4 e5 5. Nf3 Be7 6. fxe5 dxe5 7. dxe5 Ng4 8. Bf4 Bc5 9. Bg3 h5 10. h4 c6
11. Bc4 Ne3 12. Qe2 Ng4 13. O-O-O Qc7 14. Rhf1 Ne3 15. Bxf7+ Kxf7 16. e6+ Kxe6 17. Bxc7 Nxf1 18. Qc4+ Ke7 19. Rxf1 Be3+ 20. Kb1 Nb6
21. Qd3 Bf4 22. Bxf4
1-0

[Event "WALPURGIS NIGHT OPEN"]
[Site "SchemingMind.com"]
[Date "2019.06.20"]
[Round "-"]
[White "grabapawn"]
[Black "ray winteringham"]
[Result "1-0"]
[WhiteCountry "USA"]
[BlackCountry "ENG"]
[WhiteElo "1503"]
[WhiteRD "51"]
[BlackElo "1498"]
[BlackRD "49"]
[GameID "442658"]

1. d4 d5 2. Bf4 Nc6 3. e3 a6 4. c3 e6 5. Nf3 Bd6 6. Bg3 Bd7 7. Bd3 Qe7 8. Nbd2 Bxg3 9. hxg3 Nf6 10. Ng5 h6
11. Ndf3 O-O-O 12. Nh3 Kb8 13. Ne5 g6 14. b4 Na7 15. a4 Ne4 16. b5 a5 17. Qb3 b6 18. Rb1 Rdg8 19. c4 Nf6 20. c5 Nh5
21. cxb6 cxb6 22. Nc6+ Bxc6 23. bxc6 Qc7 24. Qxb6+ Kc8 25. Ba6+ Kd8 26. Qb8+ Qxb8 27. Rxb8+ Kc7 28. Rb7+ Kxc6 29. Rxf7 Rb8 30. Ke2 Rb6
31. Rc1+ Kd6 32. Rxa7 Rhb8 33. Rcc7 Rb2+ 34. Kf3 g5 35. Rd7+ Kc6 36. Bb5+ Kb6 37. Ra6#
1-0

[Event "WALPURGIS NIGHT OPEN"]
[Site "SchemingMind.com"]
[Date "2019.06.20"]
[Round "-"]
[White "ray winteringham"]
[Black "grabapawn"]
[Result "0-1"]
[WhiteCountry "ENG"]
[BlackCountry "USA"]
[WhiteElo "1466"]
[WhiteRD "49"]
[BlackElo "1465"]
[BlackRD "54"]
[GameID "442659"]

1. e4 d6 2. d4 Nf6 3. Bd3 Nbd7 4. Bf4 e5 5. Be3 Be7 6. d5 c6 7. c4 Qc7 8. Nc3 Nf8 9. Nge2 Ng6 10. Ng3 Nf4
11. O-O h5 12. Nf5 g5 13. Ng7+ Kf8 14. Nf5 Ng4 15. Bxf4 gxf4 16. h3 Bf6 17. hxg4 hxg4 18. Qxg4 Bxf5 19. Qxf5 Ke7 20. f3 Rag8
21. dxc6 bxc6 22. Kf2 Qb6+ 23. Ke2 Qe3+
0-1

[Event "WALPURGIS NIGHT OPEN"]
[Site "SchemingMind.com"]
[Date "2019.06.21"]
[Round "-"]
[White "grabapawn"]
[Black "Chessibelle"]
[Result "1-0"]
[WhiteCountry "USA"]
[BlackCountry "ENG"]
[WhiteElo "1465"]
[WhiteRD "54"]
[BlackElo "1143"]
[BlackRD "55"]
[GameID "442660"]

1. d4 d5 2. Bf4 Nc6 3. e3 Nf6 4. Nc3 g6 5. Bd3 Bg7 6. Nf3 O-O 7. h3 h6 8. g4 a6 9. g5 Nd7 10. gxh6 Bf6
11. Kd2 Kh7 12. h4 Rh8 13. h5 Kg8 14. Nxd5 e6 15. hxg6 exd5 16. Qg1 b5 17. h7+ Kg7 18. Bh6#
1-0

[Event "WALPURGIS NIGHT OPEN"]
[Site "SchemingMind.com"]
[Date "2019.06.21"]
[Round "-"]
[White "Chessibelle"]
[Black "grabapawn"]
[Result "0-1"]
[WhiteCountry "ENG"]
[BlackCountry "USA"]
[WhiteElo "1143"]
[WhiteRD "55"]
[BlackElo "1465"]
[BlackRD "54"]
[GameID "442661"]

1. Nf3 d6 2. d4 Nf6 3. Nbd2 Nbd7 4. b3 e5 5. e3 Be7 6. Be2 c6 7. O-O Qc7 8. g3 h5 9. h4 Nf8 10. Re1 Ng6
11. Ng5 Ng4 12. Nde4 d5 13. f3 dxe4 14. Nh3 exd4 15. Kg2 Nxe3+
0-1

[Event "WALPURGIS NIGHT OPEN"]
[Site "SchemingMind.com"]
[Date "2019.06.20"]
[Round "-"]
[White "grabapawn"]
[Black "Mihir Chandrashekhar"]
[Result "1/2-1/2"]
[WhiteCountry "USA"]
[BlackCountry "IND"]
[WhiteElo "1503"]
[WhiteRD "51"]
[BlackElo "1934"]
[BlackRD "50"]
[GameID "442662"]

1. d4 Nf6 2. Bf4 d5 3. e3 Bf5 4. Nd2 c6 5. Be2 Qb6 6. Nb3 a5 7. Nf3 a4 8. Nc5 e6 9. O-O Bxc5 10. dxc5 Qxc5
11. c3 Nbd7 12. Nh4 Bg6 13. Bd3 e5 14. Bg3 e4 15. Be2 O-O 16. Nxg6 fxg6 17. h4 a3 18. Rb1 b5 19. b3 Qe7 20. f3 exf3
21. Rxf3 Ne4 22. Qe1 Ne5 23. Rxf8+ Rxf8 24. c4 dxc4 25. Bxe5 Qxe5 26. bxc4 Nc3 27. Rb3 Nxe2+ 28. Qxe2 Qa1+ 29. Kh2 Rf1 30. cxb5 Rh1+
31. Kg3 Qe5+ 32. Kf2 Qe4 33. bxc6 Qxh4+ 34. Kf3 Qh5+=
1/2-1/2

[Event "WALPURGIS NIGHT OPEN"]
[Site "SchemingMind.com"]
[Date "2019.06.20"]
[Round "-"]
[White "Mihir Chandrashekhar"]
[Black "grabapawn"]
[Result "1-0"]
[WhiteCountry "IND"]
[BlackCountry "USA"]
[WhiteElo "1934"]
[WhiteRD "50"]
[BlackElo "1503"]
[BlackRD "51"]
[GameID "442663"]

1. c4 Nc6 2. d4 d5 3. cxd5 Qxd5 4. Nf3 Bg4 5. Nc3 Qd7 6. e3 e5 7. d5 Nb4 8. Bb5 c6 9. Be2 Qc7 10. O-O O-O-O
11. e4 Nf6 12. a3 Na6 13. Bg5 h6 14. Be3 Nc5 15. h3 h5 16. hxg4 hxg4 17. Ng5 Kb8 18. b4 Na6 19. Qa4 Rd7 20. dxc6 Rd6
21. b5 b6 22. Qxa6 Rh4 23. a4 Ne8 24. a5 Rdh6 25. Nh3 gxh3 26. axb6
1-0

[Event "WALPURGIS NIGHT OPEN"]
[Site "SchemingMind.com"]
[Date "2019.06.25"]
[Round "-"]
[White "grabapawn"]
[Black "The Stonewall"]
[Result "0-1"]
[WhiteCountry "USA"]
[BlackCountry "ENG"]
[WhiteElo "1503"]
[WhiteRD "51"]
[BlackElo "2407"]
[BlackRD "74"]
[GameID "442669"]

1. d4 f5 2. Bf4 Nf6 3. e3 g6 4. Nc3 d6 5. h4 h6 6. Nf3 Bg7 7. Be2 c6 8. Kd2 Ne4+ 9. Nxe4 fxe4 10. Ng5 hxg5
11. hxg5 Rxh1 12. Qxh1 Kf7 13. f3 exf3 14. Bxf3 e5 15. Bg3 exd4 16. exd4 Qxg5+ 17. Ke2 Qxg3 18. c3 Bf5 19. d5 c5 20. a4 Nd7
21. Ra3 Re8+ 22. Kd2 Qf2+
0-1

[Event "WALPURGIS NIGHT OPEN"]
[Site "SchemingMind.com"]
[Date "2019.06.25"]
[Round "-"]
[White "The Stonewall"]
[Black "grabapawn"]
[Result "1-0"]
[WhiteCountry "ENG"]
[BlackCountry "USA"]
[WhiteElo "2407"]
[WhiteRD "74"]
[BlackElo "1503"]
[BlackRD "51"]
[GameID "442670"]

1. e4 d6 2. d4 Nf6 3. Nc3 Nbd7 4. g4 e5 5. g5 Ng8 6. Nf3 Be7 7. Rg1 c6 8. Be3 Qc7 9. Qd2 Nf8 10. O-O-O b5
11. dxe5 dxe5 12. Bxb5 cxb5 13. Nd5 Qc4 14. Nxe5 Qxa2 15. Nc7#
1-0

[Event "WALPURGIS NIGHT OPEN"]
[Site "SchemingMind.com"]
[Date "2019.06.25"]
[Round "-"]
[White "The Stonewall"]
[Black "kenneth m day"]
[Result "1-0"]
[WhiteCountry "ENG"]
[BlackCountry "USA"]
[WhiteElo "2407"]
[WhiteRD "74"]
[BlackElo "1709"]
[BlackRD "50"]
[GameID "442671"]

1. e4 e5 2. Nc3 Nf6 3. Bc4 Bc5 4. f4 d6 5. Nf3 Nc6 6. d3 a6 7. Nd5 Be6 8. c3 b5 9. Nxf6+ Qxf6 10. f5 Bxc4
11. Bg5 Bxd3 12. Qxd3
1-0

[Event "WALPURGIS NIGHT OPEN"]
[Site "SchemingMind.com"]
[Date "2019.06.25"]
[Round "-"]
[White "kenneth m day"]
[Black "The Stonewall"]
[Result "0-1"]
[WhiteCountry "USA"]
[BlackCountry "ENG"]
[WhiteElo "1709"]
[WhiteRD "50"]
[BlackElo "2407"]
[BlackRD "74"]
[GameID "442672"]

1. e4 Nf6 2. e5 Nd5 3. d4 d6 4. Nf3 g6 5. Bc4 Nb6 6. Bb3 Bg7 7. Ng5 e6 8. Be3 dxe5 9. Qf3 Qe7 10. dxe5 Bxe5
11. c3 Nc6 12. O-O f6 13. Ne4 f5 14. Nc5 f4 15. Bd4 Bxd4 16. cxd4 Nxd4 17. Qxf4 Ne2+
0-1

[Event "WALPURGIS NIGHT OPEN"]
[Site "SchemingMind.com"]
[Date "2019.06.25"]
[Round "-"]
[White "The Stonewall"]
[Black "ray winteringham"]
[Result "1-0"]
[WhiteCountry "ENG"]
[BlackCountry "ENG"]
[WhiteElo "2407"]
[WhiteRD "74"]
[BlackElo "1498"]
[BlackRD "49"]
[GameID "442673"]

1. d4 d5 2. Nf3 e6 3. e3 Nd7 4. Bd3 g6 5. O-O Bg7 6. Nbd2 Ne7 7. e4 c6 8. Re1 Nb6 9. e5 Bd7 10. Nb3 Na4
11. Rb1 Nb6 12. Nc5 Rb8 13. Bg5 O-O 14. Qd2 f6 15. exf6 Bxf6 16. Bf4 Bg7 17. Bxb8 Qxb8 18. Nxd7 Nxd7 19. Rxe6 Nc8 20. Rbe1 Nf6
21. Qe3 Ng4 22. Qe2 Rxf3 23. Qxf3 Qxh2+ 24. Kf1 Qh1+ 25. Ke2 Qh5 26. Re8+
1-0

[Event "WALPURGIS NIGHT OPEN"]
[Site "SchemingMind.com"]
[Date "2019.06.25"]
[Round "-"]
[White "ray winteringham"]
[Black "The Stonewall"]
[Result "0-1"]
[WhiteCountry "ENG"]
[BlackCountry "ENG"]
[WhiteElo "1498"]
[WhiteRD "49"]
[BlackElo "2407"]
[BlackRD "74"]
[GameID "442674"]

1. e4 e6 2. d4 a6 3. Nf3 c5 4. c3 d5 5. e5 Bd7 6. Be2 cxd4 7. cxd4 Bb5 8. Bxb5+ axb5 9. Bd2 b4 10. b3 Nc6
11. O-O Qb6 12. Be3 Nge7 13. Nbd2 Nf5 14. Qe2 Be7 15. Qd3 O-O 16. h3 Rfc8 17. Bg5 Bxg5 18. Nxg5 Ncxd4 19. g4 Rc3 20. Qb1 h6
21. Nxf7 Ne2+ 22. Kh2 Kxf7 23. gxf5 Qd4 24. fxe6+ Ke7 25. Qf5 Rf8 26. Qg4 Rxf2+ 27. Rxf2 Qxf2+ 28. Kh1 Ng3+
0-1

[Event "WALPURGIS NIGHT OPEN"]
[Site "SchemingMind.com"]
[Date "2019.06.25"]
[Round "-"]
[White "The Stonewall"]
[Black "Chessibelle"]
[Result "1-0"]
[WhiteCountry "ENG"]
[BlackCountry "ENG"]
[WhiteElo "2407"]
[WhiteRD "74"]
[BlackElo "1151"]
[BlackRD "56"]
[GameID "442675"]

1. e4 e5 2. Nc3 Nf6 3. Bc4 h6 4. d3 Be7 5. f4 d6 6. Nf3 O-O 7. fxe5 Nfd7 8. exd6 cxd6 9. O-O Nc6 10. Bf4 Kh8
11. Qd2 f6 12. Bxh6 Rf7 13. Bxf7 Qf8 14. Bxg7+ Qxg7 15. Bd5 Nde5 16. Nh4 Bd7 17. Nf5 Bxf5 18. Rxf5 Nd4 19. Rh5+
1-0

[Event "WALPURGIS NIGHT OPEN"]
[Site "SchemingMind.com"]
[Date "2019.06.25"]
[Round "-"]
[White "Chessibelle"]
[Black "The Stonewall"]
[Result "0-1"]
[WhiteCountry "ENG"]
[BlackCountry "ENG"]
[WhiteElo "1151"]
[WhiteRD "56"]
[BlackElo "2407"]
[BlackRD "74"]
[GameID "442676"]

1. Nf3 f5 2. e3 Nf6 3. d4 g6 4. Nbd2 Bg7 5. b3 O-O 6. Be2 d6 7. O-O c6 8. Ng5 Nd5 9. Nc4 e5 10. g3 Nc3
11. Qd2 Nxe2+ 12. Qxe2 Qxg5 13. Nxd6 Qe7 14. Nc4 exd4 15. f4 d3 16. cxd3 Bxa1 17. Qd1 Bf6 18. Qe1 Re8 19. Rf3 Na6 20. a3 Nc5
21. Qd2 Nxb3 22. Qc2 Nxc1 23. Qxc1 Be6 24. e4 fxe4 25. dxe4 Qc5+ 26. Kg2 Bxc4 27. Qe1 Bd4 28. h3 Rad8 29. g4 Bd5 30. Kg3 Bxe4
31. Rf1 Qxa3+ 32. Kh4 Bg2 33. Qd1 Bf6+
0-1

[Event "WALPURGIS NIGHT OPEN"]
[Site "SchemingMind.com"]
[Date "2019.06.25"]
[Round "-"]
[White "The Stonewall"]
[Black "Mihir Chandrashekhar"]
[Result "1-0"]
[WhiteCountry "ENG"]
[BlackCountry "IND"]
[WhiteElo "2407"]
[WhiteRD "74"]
[BlackElo "1934"]
[BlackRD "50"]
[GameID "442677"]

1. e4 c5 2. Nf3 Nc6 3. Bb5 d6 4. O-O Bd7 5. Re1 Nf6 6. c3 a6 7. Bf1 g6 8. h3 Bg7 9. d4 cxd4 10. cxd4 O-O
11. Nc3 e5 12. Bg5 exd4 13. Nxd4 Nxd4 14. Qxd4 Bc6 15. Qd2 Qa5 16. Rac1 d5 17. Nxd5 Qxd2 18. Ne7+ Kh8 19. Bxd2 Bxe4 20. Bg5 Rfe8
21. Bxf6 Bxf6 22. Rxe4 Rxe7 23. Rxe7 Bxe7 24. Rc7 Bd6 25. Rxb7 f6 26. b4 Rb8 27. Rxb8+ Bxb8 28. Bxa6
1-0